E-business in health care management systems in post-transition countries: The Slovak Republic perspective

Výsledky prieskumu e-business a e-commerce aktivít v slovenských nemocniciach. Informatizácia a bariéry e-commerce

Enregistré dans:
Détails bibliographiques
Auteur principal: Glova, Jozef
Autres auteurs: Gavurová, Beáta, 1972-
Format: Chapitre de livre
Langue:anglais
Sujets:
Tags: Ajouter un tag
Pas de tags, Soyez le premier à ajouter un tag!

MARC

LEADER 00000naa a2200000 4500
001 0164513
005 20220504114930.0
041 0 |a eng 
044 |a SK 
245 1 0 |a E-business in health care management systems in post-transition countries: The Slovak Republic perspective  |c Jozef Glova, Beáta Gavurová 
520 |a Výsledky prieskumu e-business a e-commerce aktivít v slovenských nemocniciach. Informatizácia a bariéry e-commerce 
610 2 0 |a obchod elektronický 
610 2 0 |a Slovensko 
610 2 0 |a krajiny tranzitívne 
610 2 0 |a technológie informačné 
610 2 0 |a podnikanie elektronické 
610 2 0 |a systémy riadenia 
610 2 0 |a starostlivosť zdravotná 
100 1 |a Glova, Jozef 
700 1 |a Gavurová, Beáta, 1972-